[Event "Gonzaga Classic Masters 2020"]
[Site "Dublin/"]
[Date "2020.01.25"]
[Round "2.1"]
[White "Kanyamarala, Tarun"]
[Black "Lupulescu, Constantin"]
[Result "0-1"]
[WhiteElo "2320"]
[BlackElo "2649"]
[Annotator "TA"]
[PlyCount "102"]
[EventDate "2020.01.24"]
[EventType "swiss"]
[EventCountry "IRL"]
[SourceTitle "playchess.com"]
[Source "ChessBase"]
[SourceQuality "1"]

{[%evp 25,101,8,15,0,6,0,0,0,8,0,17,-50,0,-39,0,-82,-84,-99,-71,-54,-60,-185,-162,-154,-148,-197,-191,-197,-188,-200,-188,-206,-159,-152,-149,-157,-114,-120,-120,-115,-115,-151,-145,-162,-151,-159,-148,-161,-130,-138,-54,-175,-170,-207,-117,-295,-290,-467,-456,-389,-366,-1986,-1971,-29981,-29982,-29982,-29983,-29983,-29984,-29984,-29985,-29984,-4145,-29989,-29990,-29991,-29992,-29992]} 1. e4 c5 2. Nc3 d6 3. Nge2 Nc6 4. d4 cxd4 5. Nxd4 Nf6 6. Bc4 Qb6 7. Nb3 e6 8. Be3 Qc7 9. O-O a6 10. f4 b5 11. Bd3 Bb7 12. Qf3 Be7 13. a3 O-O 14. Qh3 {B57: Classical Sicilian: Sozin with 6...Qb6} Rfe8 15. Rae1 b4 16. Na4 $146 {The position is equal.} ({Predecessor:} 16. Ne2 bxa3 17. bxa3 e5 18. Ng3 exf4 19. Bxf4 Ne5 20. Nf5 Bf8 21. Nbd4 Ng6 {0-1 (54) Franzoni,G (2440)-Plachetka,J (2475) Zuerich 1992}) 16... Nd7 17. f5 e5 18. Qg4 (18. Rf3 $11) 18... Nf6 19. Qe2 d5 (19... Rab8 {looks sharper.} 20. Bf2 h6 21. Nb6 bxa3 22. bxa3 Nd4) 20. Nb6 (20. Bb6 $11 {remains equal.} Qb8 21. exd5) 20... dxe4 $17 21. Nxa8 exd3 (21... Rxa8 {seems wilder.} 22. Bc4 bxa3 23. bxa3 a5 24. Bb5 a4) 22. Nxc7 dxe2 23. Nxe8 (23. Rxe2 $15 Rc8 24. axb4 Rxc7 25. c3) 23... exf1=R+ 24. Kxf1 {And now Nxf6+ would win.} Nxe8 25. Bc5 bxa3 26. Bxe7 Nxe7 27. bxa3 {[#]} f6 $1 ({Don't play} 27... Nxf5 28. Rxe5 Nfd6 29. c4 $17) 28. Nc5 Bc8 29. g4 {[#]} h5 $1 30. h3 (30. gxh5 Nd6) 30... g6 31. fxg6 hxg4 32. hxg4 Nxg6 33. Rd1 {With the idea Rd8.} Kf7 34. Rd8 Bxg4 35. Nxa6 Ke7 36. Rb8 Nd6 37. a4 e4 (37... Nc4 $17 {aiming for ...e4.} 38. Rb7+ Kd6) 38. Rb4 ({White should try} 38. Nc5 $15) 38... Ne5 $19 39. Nc7 Nec4 (39... Nc6 $19 40. Rb6 Bd7) 40. Nd5+ $2 (40. Nb5 $17) 40... Ke6 41. Nc3 $2 (41. Nf4+ Ke5 42. Ng6+ Kd4 43. Nf4) 41... f5 42. Nb5 {intending Nxd6.} Ne3+ 43. Kf2 $2 (43. Kg1 Ke5 44. Nxd6 Kxd6 45. a5 Nxc2 46. Rb2) 43... Nxc2 44. Nd4+ Nxd4 45. Rxd4 Ke5 46. Rb4 f4 47. a5 e3+ 48. Ke1 Bc8 (48... Ne4 $142 49. Rb5+ Kd4 50. Rb4+ Kd5 51. Rb3 Nc5 52. Rb1 Nd3+ 53. Kf1 f3 54. Kg1 e2 55. Kh2 f2 56. Kg3 f1=Q 57. Rxf1 exf1=Q 58. Kxg4 Qf4+ 59. Kh5 Ne5 60. a6 Qg4+ 61. Kh6 Qg6#) 49. Rb6 f3 50. a6 f2+ 51. Ke2 {Accuracy: White = 32%, Black = 67%.} Bg4+ 0-1

[Event "Gonzaga Classic Masters 2020"]
[Site "Dublin/"]
[Date "2020.01.25"]
[Round "2.2"]
[White "Meier, Georg"]
[Black "O`Donnell, Conor"]
[Result "1-0"]
[WhiteElo "2629"]
[BlackElo "2307"]
[Annotator "TA"]
[PlyCount "101"]
[EventDate "2020.01.24"]
[EventType "swiss"]
[EventCountry "IRL"]
[SourceTitle "playchess.com"]
[Source "ChessBase"]
[SourceQuality "1"]

{[%evp 18,101,18,19,28,18,4,11,14,5,47,15,37,30,30,20,57,58,52,25,59,70,71,70,88,77,113,113,149,147,151,129,130,130,150,150,147,151,145,143,147,144,147,146,147,149,222,188,185,182,177,168,254,250,250,250,263,252,254,231,310,219,272,282,268,273,268,263,253,245,310,308,306,300,295,258,302,297,456,462,828,824,5193,5177,964,625]} 1. Nf3 d5 2. g3 g6 3. d4 c6 4. Bg2 Bg7 5. O-O Nf6 6. b3 a5 7. c4 O-O 8. Nc3 Ne4 9. Bb2 Bf5 10. e3 Nd7 {D78: Fianchetto Grünfeld: 6 0-0 c6} 11. Qe2 Nxc3 12. Bxc3 Qb6 {The position is equal.} 13. Rfc1 {[#]} a4 $146 ({Predecessor:} 13... Rfe8 14. cxd5 cxd5 15. Ne5 Nf6 16. Be1 Ne4 {0-1 (63) Artemiev,V (2731)-Korobov,A (2670) Bucharest 2019}) 14. b4 Be4 15. Bh3 Nf6 16. Nd2 Bf5 17. Bxf5 gxf5 18. Rab1 e6 19. b5 Rfc8 20. c5 Qa7 21. Bb4 cxb5 22. Qxb5 Qa6 23. Ba3 Rc7 24. Rb2 Nd7 25. Rcb1 Qxb5 26. Rxb5 Ra7 27. Bb4 Nb8 28. Ra5 Ra6 29. Nf3 Rd7 30. Rxa6 Nxa6 31. Ba5 e5 (31... Kf8 $16 32. Rb6 Nb8) 32. c6 bxc6 33. Rb6 (33. dxe5 $6 c5 $16) (33. Nxe5 $6 Bxe5 34. dxe5 Ra7 $16) 33... Ra7 34. Rxc6 exd4 (34... f6 $142 35. Kg2 f4) 35. Rc8+ $18 ({Don't play} 35. Nxd4 $6 Bxd4 36. exd4 Kg7 $16) (35. exd4 $6 Bf8 $16) 35... Bf8 36. Nxd4 Rb7 37. Nxf5 f6 38. Bc3 Nb4 39. Ra8 Nxa2 40. Bxf6 {[%cal Rf5h6]} Kf7 {[#]} 41. Bg7 $1 {[%mdl 512]} Rb1+ (41... Bxg7 42. Nd6+) 42. Kg2 Bxg7 43. Rxa4 Rb2 44. Ra7+ Kg6 45. Nxg7 {[%mdl 4096] Endgame KRN-KRN} Nc3 46. Ne8 Nd1 {[#]} 47. Rg7+ $1 Kh6 (47... Kf5 $142 48. Rf7+ (48. Rxh7 Rxf2+ 49. Kg1 Rf3 $14) 48... Ke6) 48. Rf7 {White is clearly winning.} Nxe3+ {[#]} (48... Kh5 $142 49. h4 (49. Rxh7+ Kg6 $18) 49... h6) 49. Kh3 $1 Rb8 50. Rf6+ Kh5 51. Rf8 {Accuracy: White = 71%, Black = 49%.} ({Not} 51. fxe3 Rxe8 52. g4+ Kg5 $14) 1-0

[Event "Gonzaga Classic Masters 2020"]
[Site "Dublin/"]
[Date "2020.01.25"]
[Round "2.3"]
[White "Fitzsimons, David"]
[Black "Tiviakov, Sergei"]
[Result "1/2-1/2"]
[WhiteElo "2317"]
[BlackElo "2608"]
[Annotator "TA"]
[PlyCount "52"]
[EventDate "2020.01.24"]
[EventType "swiss"]
[EventCountry "IRL"]
[SourceTitle "playchess.com"]
[Source "ChessBase"]
[SourceQuality "1"]

{[%evp 9,52,27,26,27,14,15,16,17,30,24,37,30,35,39,41,27,25,20,27,4,7,8,13,11,12,12,12,14,11,11,18,14,22,22,39,35,45,26,28,25,26,22,27,27,28]} 1. c4 e5 2. g3 Nf6 ({Predecessor:} 2... c6 3. Nf3 e4 4. Nd4 d5 5. d3 Nf6 {½-½ (80) Tazbir,M (2517)-Bartel,M (2640) Poland 2016}) 3. Bg2 c6 4. Nf3 e4 5. Nd4 d5 6. d3 $146 {A20: English Opening: 1...e5} (6. cxd5 cxd5 7. d3 Bc5 8. Nb3 Bb6 9. O-O O-O 10. Nc3 Bf5 11. Bg5 Re8 12. Bxf6 Qxf6 13. Nxd5 Qxb2 14. dxe4 Bg4 15. Bf3 Bh3 16. Qc1 Qe5 17. Rd1 Nc6 18. Qf4 {1-0 (31) Mamedyarov,S (2817)-Ganguly,S (2615) Kolkata 2018}) 6... Bc5 7. Nb3 Bb4+ 8. Bd2 {The position is equal.} Bxd2+ 9. Qxd2 exd3 10. cxd5 Nxd5 11. Qxd3 Be6 12. Nc3 Nxc3 13. Qxc3 Bxb3 14. axb3 ({Wrong is} 14. Qxg7 $2 Qa5+ 15. Kf1 Rf8 $19) (14. Qxb3 {feels hotter.} Qa5+ 15. Kf1 Qc7 16. Rd1 O-O 17. Be4) 14... O-O 15. b4 Qb6 16. Qc5 {[#] Qxb6 is the strong threat.} Qxc5 17. bxc5 Nd7 18. Ra5 Rfe8 19. e3 a6 20. Ke2 Re5 21. b4 Rae8 22. Rd1 R5e7 23. Ra3 f5 24. Rd4 Nf6 25. Rad3 Kf7 26. Rd1 g6 {Accuracy: White = 80%, Black = 73%.} 1/2-1/2

[Event "Gonzaga Classic Masters 2020"]
[Site "Dublin/"]
[Date "2020.01.25"]
[Round "2.5"]
[White "Korneev, Oleg"]
[Black "Delaney, Killian"]
[Result "1-0"]
[WhiteElo "2513"]
[BlackElo "2278"]
[Annotator "TA"]
[PlyCount "69"]
[EventDate "2020.01.24"]
[EventType "swiss"]
[EventCountry "IRL"]
[SourceTitle "playchess.com"]
[Source "ChessBase"]
[SourceQuality "1"]

{[%evp 20,69,10,6,18,15,8,14,24,11,4,11,55,45,94,55,173,162,179,173,147,138,146,158,160,166,147,28,139,117,168,176,157,158,151,135,164,142,194,220,220,202,200,152,136,114,206,206,599,578,29997,29998]} 1. e4 c5 2. Nf3 e6 3. c3 Nf6 4. e5 Nd5 5. d4 cxd4 6. cxd4 d6 7. Bc4 Nc6 8. O-O Be7 9. Bd2 O-O 10. Nc3 dxe5 11. dxe5 Nb6 {B22: Sicilian: 2 c3} 12. Bb3 Na5 {[%cal Bc6a5,Ba5c4,Bc4d2][%mdl 32]} 13. Bc2 Nac4 {The position is equal.} 14. Qe2 (14. Bc1 Qxd1 15. Rxd1 Bd7 {½-½ (25) Alekseev,E (2678)-Grischuk,A (2777) Loo 2014}) 14... Nxd2 15. Nxd2 Qd4 16. Nf3 $146 ({Predecessor:} 16. Be4 Bd7 {1-0 (48) Lugovskoy,M (2431)-Maksimenko,A (2466) Panevezys 2015}) 16... Qg4 17. Rad1 $40 {[%mdl 128] Black needs to defend precisely.} Bd7 {[#]} (17... Qc4 $14) 18. Rxd7 $1 $18 {[%mdl 512]} Nxd7 {[#]} 19. Qd3 $1 {[%csl Gc2,LRd7,LRh7][%cal Rd3h7][%mdl 576] Double Attack} g6 20. Qxd7 {[%mdl 64] Double Attack} Qb4 21. Qd2 Qxb2 {Threatens to win with ...Rac8.} 22. Rb1 Qa3 {[#]} 23. Rb3 (23. Bb3 $1 $16) 23... Rfd8 {[#]} (23... Qa5 $1 $11 {keeps the balance.}) 24. Qh6 $1 $16 (24. Rxa3 $6 Rxd2 25. Nxd2 Bxa3 $11) 24... Bf8 (24... Qc5 $16) 25. Qf4 $18 ({Much less strong is} 25. Rxa3 $6 Bxh6 26. Be4 Rac8 $11) 25... Qe7 26. h4 Rac8 27. h5 b5 {Black wants to play ...b4.} 28. Ne1 Rc4 (28... Bg7 $16) 29. Ne4 Bg7 30. Rxb5 {aiming for Nf6+.} Qc7 31. hxg6 hxg6 32. Nf6+ Kf8 (32... Bxf6 $16 33. Qxf6 Rf8) 33. Qf3 Rxc2 $2 (33... a6 {is tougher.} 34. Qa3+ (34. Rb7 Qxe5 35. Nh7+ Kg8 $18) 34... Qe7 35. Qxe7+ (35. Qxa6 Bxf6 36. exf6 Qxf6 $16) 35... Kxe7 36. Rb7+ Kf8) 34. Nxc2 {Strongly threatening Rb7.} Qxc2 35. Qa3+ {[%mdl 64] Double Attack. Accuracy: White = 78%, Black = 38%.} 1-0

[Event "Gonzaga Classic Masters 2020"]
[Site "Dublin/"]
[Date "2020.01.25"]
[Round "2.7"]
[White "Greet, Andrew N"]
[Black "Kanyamarala, Trisha"]
[Result "1-0"]
[WhiteElo "2425"]
[BlackElo "2195"]
[Annotator "TA"]
[PlyCount "127"]
[EventDate "2020.01.24"]
[EventType "swiss"]
[EventCountry "IRL"]
[SourceTitle "playchess.com"]
[Source "ChessBase"]
[SourceQuality "1"]

{[%evp 13,127,10,28,14,12,13,8,1,6,0,3,-2,0,0,0,-22,0,0,0,-22,0,7,20,0,0,3,11,10,15,0,10,10,17,25,27,19,26,10,14,17,44,36,62,46,40,29,62,14,99,113,132,70,77,69,89,69,45,53,64,15,107,30,105,97,166,167,147,155,143,125,270,270,269,280,264,261,265,271,323,323,346,327,333,283,409,414,461,431,461,447,442,427,417,402,384,343,338,330,431,431,431,427,404,395,739,698,835,847,973,872,1227,0,5197,1249,5152,5089]} 1. d4 Nf6 2. Nf3 d5 3. c4 e6 4. g3 dxc4 5. Bg2 Nc6 6. Qa4 Bb4+ 7. Bd2 Nd5 8. Qb5 {E04: Open Catalan: 5 Nf3} Bxd2+ 9. Nbxd2 c3 10. bxc3 {The position is equal.} Nxc3 11. Qd3 Nd5 12. O-O O-O 13. Rfc1 h6 14. Rab1 {[#]} Qe7 $146 ({Predecessor:} 14... Nde7 15. Nb3 a5 {½-½ (23) Ponomariov,R (2743)-Frolyanov,D (2610) Olginka 2011}) 15. e3 Rd8 16. Qb3 Qf8 17. Nc4 a5 18. a3 Qe8 19. Nfe5 Nce7 20. Nd2 c6 21. Ne4 Nf5 22. Nc4 b5 23. Ne5 Nfe7 24. Qc2 Ra6 25. Qc5 f6 26. Nd3 Nb6 27. Nd6 Qd7 28. Nxc8 Rxc8 29. Qc2 {[#] Nc5 is the strong threat.} Raa8 30. Qa2 {[%mdl 1024] White has compensation.} (30. Nc5 $5 {[%cal Rc5d7]} Qd6 31. Qe4 $11) 30... Nc4 (30... Ned5 $11 {remains equal.}) 31. Nc5 $36 {[%mdl 2048] Black is under strong pressure.} Qd6 32. Bf1 (32. a4 $16 Rab8 33. Bh3) 32... Nb6 $1 $14 33. Bh3 {Black must now prevent Ne4.} f5 34. Qxe6+ Qxe6 35. Nxe6 Nc4 36. a4 Rab8 (36... Nd6 $11) 37. Bg2 (37. Nc5 $16) 37... Nd6 (37... Nb6 $1 $11) 38. Nc5 $16 Kf7 (38... g6 $16 {was called for.}) 39. Nd7 $18 Rb7 40. Ne5+ Kf6 41. Nxc6 b4 (41... bxa4 $16 42. Nxe7 {[%mdl 64] Discovered Attack} Rxe7) 42. Nxa5 Ra7 43. Rxc8 Nexc8 44. Nc6 Rxa4 45. Nxb4 Ne7 46. Nd3 Nc4 47. h4 Ra3 48. Nf4 Ra5 (48... g5 $142 49. Nd5+ Nxd5) 49. h5 g5 50. hxg6 Nxg6 51. Nxg6 Kxg6 {[%mdl 4096] Endgame KRB-KRN} 52. Bf1 Nd2 53. Rb6+ Kg7 {...Ra1 would now be nice for Black.} 54. Be2 Ra2 55. g4 Ne4 56. Bd3 Nxf2 57. Bxf5 Nh3+ 58. Kf1 Rh2 $2 {[#]} (58... Ng5 59. Rg6+ Kf8 60. Rxh6 Nf3) 59. Rg6+ Kf7 60. Rxh6 Kg7 61. Rh7+ Kf6 62. Rh6+ $2 (62. e4 $18 Kg5 63. d5) 62... Kg5 $2 {[%mdl 8192]} (62... Kg7 $11 63. Rh7+ Kg8) 63. Rh5+ Kf6 64. e4 {Accuracy: White = 64%, Black = 37%.} 1-0

[Event "Gonzaga Classic Masters 2020"]
[Site "Dublin/"]
[Date "2020.01.25"]
[Round "2.8"]
[White "Haque, Muhtarim-Ul"]
[Black "Lalic, Bogdan"]
[Result "1/2-1/2"]
[WhiteElo "2045"]
[BlackElo "2402"]
[Annotator "TA"]
[PlyCount "23"]
[EventDate "2020.01.24"]
[EventType "swiss"]
[EventCountry "IRL"]
[SourceTitle "playchess.com"]
[Source "ChessBase"]
[SourceQuality "1"]

{[%evp 9,23,0,6,0,0,5,7,16,17,-28,-33,-39,27,23,44,-25]} 1. d4 Nf6 2. c4 e6 3. Nc3 Bb4 4. e3 O-O 5. Nge2 c6 6. a3 {E46: Nimzo-Indian: Rubinstein: 4 e3 0-0 5 Ne2 without early Bd3} Ba5 7. b4 Bc7 8. e4 {The position is equal.} d6 9. Bg5 e5 $146 ({Predecessor:} 9... h6 10. Be3 a5 11. Ng3 e5 12. d5 Ng4 13. Bd3 Nxe3 14. fxe3 {0-1 (45) Pigeat,A (2319)-Fedorchuk,S (2637) Orsay 2018}) 10. d5 Nbd7 ({Black should try} 10... Bb6 $15) 11. Ng3 $11 h6 12. h4 ({Better is} 12. Be3 $14) 1/2-1/2

[Event "Gonzaga Classic Masters 2020"]
[Site "Dublin/"]
[Date "2020.01.25"]
[Round "2.9"]
[White "Margolin, Boris"]
[Black "Dwyer, Daniel"]
[Result "1-0"]
[WhiteElo "2396"]
[BlackElo "2133"]
[Annotator "TA"]
[PlyCount "47"]
[EventDate "2020.01.24"]
[EventType "swiss"]
[EventCountry "IRL"]
[SourceTitle "playchess.com"]
[Source "ChessBase"]
[SourceQuality "1"]

{[%evp 17,47,112,110,110,161,136,331,236,249,242,255,252,465,358,465,266,229,147,181,154,202,152,819,802,795,804,737,709,1095,1024,2543,2483]} 1. e4 c6 2. Nc3 d5 3. Nf3 dxe4 4. Nxe4 Bf5 5. Ng3 Bg6 6. h4 h6 7. Ne5 Bh7 8. Qh5 g6 9. Bc4 e6 10. Qe2 {aiming for Nxf7! B11: Caro-Kann: Two Knights Variation} Qd6 (10... Qe7 $16) 11. d4 Be7 $146 (11... Nf6 $16 12. Bf4 Qe7) ({Predecessor:} 11... Nf6 12. c3 Bg7 13. Bf4 Qe7 14. Qd2 h5 15. Bg5 Qc7 16. Qf4 Nd5 17. Bxd5 Bxe5 18. dxe5 cxd5 19. Bf6 Rf8 20. Qh6 {1-0 (20) Munoz Pantoja,M (2424)-Iglesias,J (2351) Barcelona 2005}) 12. Bd2 {White has a decisive advantage.} Nf6 13. O-O-O ({Resist} 13. Bxh6 Bg8) 13... h5 14. Rhe1 b5 $2 (14... O-O {is a better defense.} 15. Bh6 Nbd7) 15. Bb3 a5 16. a4 (16. Qf3 $142 a4 {[#]} 17. Nxf7 $1 {[%mdl 576] Remove Defender} Kxf7 18. Ne4 axb3 19. Nxd6+ Bxd6 20. Bg5) 16... bxa4 17. Nc4 Qc7 18. Bxa4 Nd5 19. Ne4 Nb6 $2 (19... O-O $16 20. Bh6 Re8) 20. Nxb6 $18 {White is clearly winning.} Qxb6 {[#]} 21. d5 $1 {[%mdl 512]} Qd4 (21... exd5 22. Nd6+) 22. Nc3 Qxh4 23. dxe6 fxe6 24. Qxe6 {Accuracy: White = 67%, Black = 13%.} 1-0

[Event "Gonzaga Classic Masters 2020"]
[Site "Dublin/"]
[Date "2020.01.25"]
[Round "2.10"]
[White "Rush, Stephen"]
[Black "Daly, Colm"]
[Result "1/2-1/2"]
[WhiteElo "1987"]
[BlackElo "2238"]
[Annotator "TA"]
[PlyCount "116"]
[EventDate "2020.01.24"]
[EventType "swiss"]
[EventCountry "IRL"]
[SourceTitle "playchess.com"]
[Source "ChessBase"]
[SourceQuality "1"]

{[%evp 17,116,49,55,54,58,36,61,18,29,27,33,28,29,0,0,0,42,48,49,41,39,40,42,31,50,29,77,58,61,57,87,81,84,30,52,-74,0,0,47,-56,28,35,47,35,95,95,117,105,155,129,146,147,150,141,205,140,186,139,174,158,158,157,165,120,148,150,139,108,149,164,180,180,177,133,190,137,258,213,245,247,285,262,339,242,237,237,394,389,452,375,379,372,360,0,132,159,140,0,0,0,103]} 1. d4 Nf6 2. c4 g6 3. f3 d6 4. e4 Bg7 5. Nc3 e5 6. d5 Nh5 7. Be3 ({Predecessor:} 7. Nge2 f5 8. Be3 Bf6 9. Qd2 Bh4+ 10. g3 f4 {1-0 (40) Jakobsen,L (2340)-Belov,V (2260) Gistrup 1997}) 7... f5 8. Qd2 f4 9. Bf2 Bf6 10. Nge2 {E80: King's Indian: Sämisch: Lines without early ...0-0} Bh4 11. g3 Bg5 12. Qd3 $146 {White is slightly better.} (12. g4 Bxg4 13. fxg4 f3 14. Be3 Bxe3 15. Qxe3 fxe2 16. gxh5 exf1=Q+ 17. Rxf1 {1-0 (59) Rios,C (2484)-Zapata,A (2452) Cartagena 2019}) 12... fxg3 13. hxg3 O-O 14. Bg2 Na6 15. Nc1 Nb4 16. Qd1 $1 c5 (16... Bxc1 $5 17. Rxc1 Qg5 $11) 17. a3 Na6 18. Nd3 Bd7 19. b4 {[%cal Bb2b4,Bb4b5][%mdl 32]} b6 20. Qe2 Rf7 21. O-O Rc8 22. b5 Nc7 23. a4 Ng7 24. a5 bxa5 25. Rfb1 (25. Ra3 $16) 25... Na8 $11 26. Qa2 (26. Nb2 $14 {stays ahead.}) 26... Qf8 (26... Nb6 $17) 27. Qe2 Qd8 28. Nc1 (28. Be1 $14) 28... Bxc1 (28... Nb6 $15) 29. Rxc1 Rb8 30. Be1 Ne8 ({Better is} 30... Nh5 $14) 31. Nd1 $16 Nb6 32. Rxa5 Nc8 33. Ne3 Nc7 34. Rca1 Rb7 35. Bd2 Na8 (35... Ne8 $16 36. Be1 Qc7) 36. Kf2 Nab6 37. Qf1 Qf8 38. Ke2 h5 39. Qh1 Qe7 40. Bh3 Qe8 41. Bxd7 Nxd7 42. g4 Rh7 43. gxh5 Rxh5 44. Qg2 Nf6 45. Ra6 Rbh7 {[#] And now ...Rh2 would win.} 46. Ng4 (46. Kd3 $18) 46... Qf8 (46... Nxg4 $16 {was worth a try.} 47. Qxg4 Rh4 48. Qe6+ Qxe6 49. dxe6 Rh2+ 50. Kd3 Rf2) 47. Rg1 Nxg4 48. Qxg4 Rh2+ 49. Rg2 Nb6 50. Kd3 (50. Qxg6+ Kh8 $16) 50... Rxg2 51. Qxg2 Kh8 $2 (51... Qe8 {was called for.} 52. f4 Rb7) 52. f4 $18 Qc8 {If only Black now had time for ...Qh3+....} 53. Qxg6 Qh3+ 54. Kc2 {White wants to mate with Qe8+.} Rg7 55. Qf6 $2 (55. Qxd6 $18 Qf1 56. Qxc5 (56. Qxe5 Qxc4+ 57. Qc3 Qxe4+ 58. Qd3 Qxd3+ 59. Kxd3 Rd7 $16)) 55... Qf1 (55... Qh1 $11) 56. Rxa7 $1 $16 {[%csl Ga7][%cal Rf6g7]} ({Don't play} 56. fxe5 $6 Qxc4+ 57. Bc3 (57. Kd1 Nd7 $11) 57... Qxe4+ 58. Kb2 Qg2+ 59. Ka3 Nc4+ 60. Kb3 Nd2+ 61. Bxd2 Qxd2 $11) 56... Qxc4+ {[#]} 57. Kd1 ({Only move:} 57. Bc3 $1 $16 {[%csl Ga7][%cal Rf6g7]} Qxe4+ 58. Kc1 Qh1+ 59. Kb2 Qg2+ 60. Ka3) 57... Qf1+ $11 58. Kc2 (58. Be1 $11 Qd3+ 59. Bd2 Qb1+ 60. Ke2 Qxe4+ {[%mdl 64] Double Attack} 61. Kd1 Qb1+ 62. Ke2 Qe4+ {[%mdl 64] Double Attack} 63. Kf2 (63. Kd1 Qb1+ 64. Ke2 Qe4+ $11 {[%mdl 64] Double Attack}) 63... Qg2+ 64. Ke1 Qe4+ 65. Kf2 (65. Kd1 Qb1+ 66. Ke2 Qe4+ $11 {[%mdl 64] Double Attack}) 65... Qd4+ 66. Kf1 Qg1+ 67. Ke2 Qg2+ 68. Kd1 Qf1+ 69. Be1 Qd3+ 70. Kc1 Qc4+ {[%mdl 64] Double Attack} 71. Kd1 Qxd5+ 72. Kc1 Qc4+ {[%mdl 64] Double Attack} 73. Kd1 Qd5+ 74. Bd2 Qf3+ 75. Kc2 Qe4+ 76. Kb2 Nc4+ 77. Kc1 Qh1+ 78. Kc2 Qe4+ 79. Kc1 Qh1+ 80. Kc2 Qe4+ 81. Kc1) 58... Qc4+ {Accuracy: White = 46%, Black = 28%.} 1/2-1/2

[Event "Gonzaga Classic Masters 2020"]
[Site "Dublin/"]
[Date "2020.01.25"]
[Round "3.1"]
[White "Lupulescu, Constantin"]
[Black "Greet, Andrew N"]
[Result "1-0"]
[WhiteElo "2649"]
[BlackElo "2425"]
[Annotator "TA"]
[PlyCount "89"]
[EventDate "2020.01.24"]
[EventType "swiss"]
[EventCountry "IRL"]
[SourceTitle "playchess.com"]
[Source "ChessBase"]
[SourceQuality "1"]

{[%evp 10,89,8,15,9,8,4,0,0,-15,16,11,16,5,26,24,58,55,57,64,48,27,41,35,147,115,94,91,588,601,520,464,490,106,101,99,100,100,110,102,128,128,118,107,108,95,216,223,214,201,210,229,227,225,299,271,284,260,294,290,281,287,251,285,281,190,322,327,327,327,316,300,1609,676,1320,1135,12838,12839,12839,12839,12841,12841]} 1. d4 e6 2. c4 Nf6 3. Nf3 b6 4. Bf4 Bb7 5. e3 Be7 6. Nc3 Nh5 {E12: Queen's Indian: Unusual White 4th moves, 4 a3, 4 Nc3 Bb7 5 a3 and 4 Nc3 Bb7} 7. Bd3 Nxf4 (7... d6 8. O-O Nd7 9. Be4 Bxe4 10. Nxe4 O-O 11. Nc3 Re8 12. h3 Nxf4 13. exf4 Bf6 14. Re1 {½-½ (80) Dubov,D (2700)-Radjabov,T (2759) Moscow 2019}) 8. exf4 Bf6 {The position is equal.} 9. h4 $146 ({Predecessor:} 9. O-O O-O 10. Re1 g6 11. Be4 Bxe4 12. Nxe4 Bg7 13. Qc2 a5 14. Rad1 {1-0 (38) Sedlak,N (2557)-Zhigalko,S (2574) Batumi 2019}) 9... Bxf3 10. Qxf3 Nc6 11. d5 $36 {[%mdl 2048] White fights for an advantage.} Nd4 12. Qe3 O-O 13. O-O-O $1 c5 14. g4 Re8 15. d6 b5 16. cxb5 Qa5 (16... a6 $1 $14) 17. Qe4 g6 {next ...a6! is good for Black.} 18. h5 a6 $2 {[%mdl 8192]} (18... Qb6 $16 {is a better chance.}) 19. hxg6 $18 hxg6 {[%cal Ra6b5]} 20. Rh6 $1 {[%cal Rh6g6] Rxg6+! is the strong threat.} Nb3+ 21. axb3 $2 (21. Kb1 $1 $18 {and the rest is easy. White wants to mate with Rxg6+!} Bg7 22. Rxg6 {[%mdl 64] Demolition} (22. axb3 axb5 23. Rdh1 c4 $15) (22. bxa6 c4 $17) 22... fxg6 23. Qxg6) 21... Bxc3 $16 22. Qa4 Qxa4 23. bxa4 Bg7 24. Rh3 axb5 25. Bxb5 Ra7 26. Rhd3 Rb8 27. Kc2 Bd4 (27... c4 $16 {was called for.} 28. Re3 f5) 28. Rxd4 $18 cxd4 29. Rxd4 {[%mdl 4096] Endgame KRR-KRB} Rc8+ 30. Kd2 $1 Kg7 31. b4 f6 32. a5 Rb8 33. Be2 e5 34. Re4 f5 35. gxf5 ({Not} 35. Rxe5 Rxb4 36. Re7+ (36. gxf5 Rxf4 37. Ke3 g5 $11) 36... Kf8 $11) 35... gxf5 36. Rc4 $1 ({Less strong is} 36. Rxe5 Rxb4 37. Rxf5 Rd4+ 38. Kc3 Rxd6 $14) 36... Kf6 37. Kc3 Ke6 (37... Rh8 {was worth a try.} 38. Rc7 Raa8) 38. fxe5 Kxe5 {[#]} 39. Rd4 $1 Rc8+ {[#]} 40. Bc4 $1 Rc6 $2 (40... f4 41. Rd5+ Ke4) 41. f4+ {White is clearly winning.} Kf6 42. b5 {[%cal Bb4b5,Bb5b6][%mdl 32]} Rxc4+ 43. Kxc4 Rxa5 44. b6 Ra8 45. Kb5 {Accuracy: White = 75%, Black = 38%.} 1-0